00671 2200229 4500001002100000005001700021008004100038020001800079035002500097040001200122082001000134090001700144100002500161245011800186250001100304260002700315300003200342650002000374700001800394850001200412990001700424YOGYA-0209000006995720150422165753.0 ind  a979-3503-05-X a0010-020900000069957 aYOPDYOG a297.5 a297.5bGym J aGYMNASTIAR, Abdullah aJagalah hati step by step manajemen qalbucAbdullah Gymnastiar ; editor, Bambang Trim ; ilustrasi, Asep Sarifudin aCet. 9 aBandungbKhas MQc2005 axviii, 159 hlmbilusc23 cm aManajemen Qolbu aTrim, Bambang aYOPDYOG a2922-PD/P.08